Capitals - Select Europe Capitals on Map - Statistics

General Stats
  • This quiz has been taken 50 times
  • The average score is 35 of 45
Answers on the Map
Answers color-coded by a green-red scale on the quiz's map according to % correct below.
 
Answer Stats
Answer % Correct
Athens
97%
Madrid
94%
Amsterdam
91%
Andorra la Vella
91%
Berlin
91%
Kyiv
91%
Lisbon
91%
Luxembourg
91%
Monaco
91%
Oslo
91%
Dublin
88%
Moscow
88%
Paris
88%
Brussels
84%
Copenhagen
84%
Helsinki
84%
London
84%
Reykjavik
84%
San Marino
84%
Stockholm
84%
Warsaw
84%
Budapest
81%
Prague
81%
Vienna
81%
Bern
78%
Bucharest
78%
Minsk
78%
Rome
78%
Vatican City
75%
Zagreb
75%
Sofia
72%
Tallinn
72%
Bratislava
69%
Sarajevo
69%
Belgrade
66%
Ljubljana
66%
Riga
66%
Valletta
66%
Vilnius
66%
Chișinău
63%
Podgorica
63%
Skopje
63%
Vaduz
63%
Tirana
59%
Pristina
50%
No matching quizzes found
Score Distribution
Percent of People with Each Score
Percentile by Number Answered
Your Score History
You have not taken this quiz